Sports Quiz

Random Sports or Golf Quiz

30 Second Anatomy of a Golf Course Quiz Stats

 Plays Quiz Updated Apr 22, 2017

Support Sporcle.
Go Orange.
Score 0/9 Timer 00:30
0 Plays Today
% Correct
Fairway
95.3%
Teeing
Area
91.9%
Bunker
91.2%
Hole
91%
Green
88.6%
Rough
87%
Water Hazard
84.6%
Out
of
Bounds
77.4%
Pin
61.7%

You're not logged in!

Compare scores with friends on all Sporcle quizzes.
OR
Log In

From the Vault

Metallica Band Members

by Ben

In 2007, Metallica was named #17 on Blender magazine\'s list of \"biggest wusses in rock\" for its \"anti-Napster crusade\" - can you name its members?
Remove Ads.
Support Sporcle.
Get the best of Sporcle when you Go Orange. This ad-free experience offers more features, more stats, and more fun while also helping to support Sporcle. Thank you for becoming a member.

Show Comments

Extras

Top Quizzes Today


Score Distribution

Your Account Isn't Verified!

In order to create a playlist on Sporcle, you need to verify the email address you used during registration. Go to your Sporcle Settings to finish the process.

Report this User

Report this user for behavior that violates our Community Guidelines.

Details: